Crystal kingdom / (Record no. 2350)

000 -LEADER
fixed length control field aam a22 a 4500
003 - CONTROL NUMBER IDENTIFIER
control field AKMAL
005 - DATE AND TIME OF LATEST TRANSACTION
control field 20170516103848.0
008 - FIXED-LENGTH DATA ELEMENTS--GENERAL INFORMATION
fixed length control field 170516s1981 -us 00 eng d
020 ## - INTERNATIONAL STANDARD BOOK NUMBER
International Standard Book Number 0673148106
040 ## - CATALOGING SOURCE
Original cataloging agency AKMAL
082 04 - DEWEY DECIMAL CLASSIFICATION NUMBER
Classification number 421.54 AAR
090 10 - LOCALLY ASSIGNED LC-TYPE CALL NUMBER (OCLC); LOCAL CALL NUMBER (RLIN)
Classification number (OCLC) (R) ; Classification number, CALL (RLIN) (NR) 421.54
Local cutter number (OCLC) ; Book number/undivided call number, CALL (RLIN) AAR
100 1# - MAIN ENTRY--PERSONAL NAME
Personal name Cairns, Joanna
9 (RLIN) 4883
245 10 - TITLE STATEMENT
Title Crystal kingdom /
Statement of responsibility, etc. Joanna Cairns, Elizabeth Galloway, Robert J. Tierney
260 ## - PUBLICATION, DISTRIBUTION, ETC.
Place of publication, distribution, etc. Glenview, Ill. :
Name of publisher, distributor, etc. Scott, Foresman,
Date of publication, distribution, etc. 1981
300 00 - PHYSICAL DESCRIPTION
Extent 320p. :
Other physical details ill. ;
Dimensions 24cm
490 0# - SERIES STATEMENT
Series statement Scott, Foresman Reading
650 #0 - SUBJECT ADDED ENTRY--TOPICAL TERM
Topical term or geographic name entry element Readers (Primary)
9 (RLIN) 4781
700 1# - ADDED ENTRY--PERSONAL NAME
Personal name Galloway, Elizabeth
9 (RLIN) 4884
700 1# - ADDED ENTRY--PERSONAL NAME
Personal name Tierney, Robert J.
9 (RLIN) 4885
942 ## - ADDED ENTRY ELEMENTS (KOHA)
Source of classification or shelving scheme
Koha item type Book
Holdings
Withdrawn status Lost status Source of classification or shelving scheme Damaged status Not for loan Collection code Home library Current library Shelving location Date acquired Inventory number Total Checkouts Full call number Barcode Date last seen Price effective from Koha item type
          NON-FICTION AKMAL Melaka AKMAL Melaka PINJAMAN 16.05.2017 400140   421.54 AAR 201706663 16.05.2017 16.05.2017 Book
Pusat Sumber Maklumat Dato' Haji Sarmin Md Hussin, Akademi Kastam Diraja Malaysia, Melaka
Tel: 06-2331106 | Faks: 06-2313787